Basic concepts of electrical and electronics engineering / (Record no. 149887)

MARC details
000 -LEADER
fixed length control field 00646nam a22001937a 4500
005 - DATE AND TIME OF LATEST TRANSACTION
control field 20180212144550.0
010 ## - LCCN (DPL NO)
LC control number ENG-122241
020 ## - INTERNATIONAL STANDARD BOOK NUMBER
Terms of availability 350.00
International Standard Book Number 9789352301478
035 ## - SYSTEM CONTROL NUMBER
System control number EN-105773
037 ## - SOURCE OF ACQUISITION
Source of stock number/acquisition DBAD/PUB
082 ## - DEWEY DECIMAL CLASSIFICATION NUMBER
Classification number 621.38
100 ## - MAIN ENTRY--PERSONAL NAME
Personal name Subramanyam, P.S.
245 ## - TITLE STATEMENT
Title Basic concepts of electrical and electronics engineering /
Statement of responsibility, etc by P.S. Subramanyam [and] K.Lal Kishore
260 ## - PUBLICATION, DISTRIBUTION, ETC. (IMPRINT)
Place of publication, distribution, etc Hyderabad
Name of publisher, distributor, etc BS Publications
Date of publication, distribution, etc c2017
270 ## - ADDRESS
Address 4-4-309/316,Giriraj Lane, Sultan Bazar,
City Hyderabad
Postal code 500095
300 ## - PHYSICAL DESCRIPTION
Extent xxvii,565p.
Dimensions 24cm(pbk)
700 ## - ADDED ENTRY--PERSONAL NAME
Dates associated with a name Lal Kishore, K.
Personal name Lal Kishore, K.
942 ## - ADDED ENTRY ELEMENTS (KOHA)
Source of classification or shelving scheme Dewey Decimal Classification
Item type English Books
Classification part 621.38
Call number suffix SUB
Holdings
Withdrawn status Lost status Not for loan Collection code Home library Current library Date acquired Source of acquisition Cost, normal purchase price Full call number Barcode Copy number Cost, replacement price Koha item type
    Not For Loan Non-fiction D.B.Act.Division Bawana 12/02/2018 DBAD/PUB 350.00 621.38 SUB EN-105773 1 350.00 English Books

© Delhi Public Library
Hit Counter
free hit counter